| Tag |
First Indicator |
Second Indicator |
Subfields |
| LEADER |
00000cam a2200000Ii 4500 |
| 001 |
in00004032018 |
| 005 |
20181025101446.0 |
| 008 |
180725s1970 txu s000 0 eng d |
| 035 |
|
|
|a (OCoLC)on1046056397
|
| 035 |
|
|
|a (OCoLC)1046056397
|
| 040 |
|
|
|a TXA
|b eng
|e rda
|c TXA
|d UtOrBLW
|
| 043 |
|
|
|a n-us-tx
|
| 049 |
|
|
|a TXAM
|
| 086 |
|
|
|a Z TA245.7 L47 no. L-901
|2 txdocs
|
| 090 |
|
|
|a S544.3.T4
|b T273 no. L-901
|
| 100 |
1 |
|
|a Novosad, Albert C.,
|e author.
|0 http://id.loc.gov/authorities/names/no2018130192
|
| 245 |
1 |
0 |
|a Keys to profitable summer annual forage production /
|c Albert C. Novosad and J. Neal Pratt.
|
| 264 |
|
1 |
|a College Station, Texas :
|b Texas Agricultural Extension Service,
|c [1970]-
|
| 300 |
|
|
|a 4 unnumbered pages ;
|c 28 cm.
|
| 336 |
|
|
|a text
|b txt
|2 rdacontent
|
| 337 |
|
|
|a unmediated
|b n
|2 rdamedia
|
| 338 |
|
|
|a volume
|b nc
|2 rdacarrier
|
| 490 |
1 |
|
|a L / [Texas Agricultural Extension Service] ;
|v 901
|
| 500 |
|
|
|a Caption title.
|
| 500 |
|
|
|a "30M--2-70"--Colophon.
|
| 500 |
|
|
|a "Fact sheet."
|
| 500 |
|
|
|a The United States Department of Agriculture cooperating.
|
| 650 |
|
0 |
|a Forage plants
|x Varieties
|z Texas.
|
| 650 |
|
0 |
|a Forage plants
|x Selection
|z Texas.
|
| 650 |
|
0 |
|a Forage plants
|x Breeding
|z Texas.
|
| 650 |
|
3 |
|a profit maximization.
|
| 650 |
|
3 |
|a forage.
|
| 650 |
|
3 |
|a crop production.
|
| 650 |
|
3 |
|a fertilizers.
|
| 650 |
|
3 |
|a weed control.
|
| 650 |
|
3 |
|a irrigation.
|
| 650 |
|
3 |
|a economics.
|
| 700 |
1 |
|
|a Pratt, J. Neal,
|e author.
|0 http://id.loc.gov/authorities/names/no2018130206
|
| 710 |
1 |
|
|a United States.
|b Department of Agriculture,
|e issuing body.
|0 http://id.loc.gov/authorities/names/n79008243
|
| 710 |
2 |
|
|a Texas Agricultural Extension Service,
|e issuing body.
|0 http://id.loc.gov/authorities/names/n80010192
|
| 830 |
|
0 |
|a L (Texas Agricultural Extension Service) ;
|v 901.
|0 http://id.loc.gov/authorities/names/no2017125359
|
| 856 |
4 |
1 |
|z Available online via OAK Trust Repository
|u https://oaktrust.library.tamu.edu/handle/1969.1/164925
|t 0
|
| 994 |
|
|
|a C0
|b TXA
|
| 999 |
f |
f |
|s c46f33c0-4b27-3643-9b5f-2a57bd2e2414
|i ec32c370-ee2f-3355-bd5d-a57139527aba
|t 0
|
| 952 |
f |
f |
|a Texas A&M University
|b College Station
|c Electronic Resources
|d Available Online
|t 0
|e Z TA245.7 L47 no. L-901
|g Electronic
|h Superintendent of Documents classification
|
| 998 |
f |
f |
|a Z TA245.7 L47 no. L-901
|t 0
|l Available Online
|